000
00362nam a2200157Ia 4500
008
100122s9999 xx 000 0 und d
082
_b
75679
_a
B823
100
_a
WILSON ROSE
245
_a
ALADDIN AND MAGIC LAMP
250
_a
1
260
_c
2006
300
_a
16
630
_a
ALADDIN AND MAGIC LAMP
730
_a
ALADDIN AND MAGIC LAMP
942
_c
BOOK
999
_c
391858
_d
391855